Регионална библиотека "Любен Каравелов" - Русе

Фолклорен фестивал "От Дунав до Балкана" град Борово (Запис номер 447658)

MARC детайли
000 -Лидер
Контролно поле с фиксирана дължина 01064nam a2200253 a 4500
003 - Код на организацията, давaща контролен номер
Контролно поле BLK
005 - Дата и час на последна редакция
Контролно поле 20230628121750.0
008 - Елементи от данни с фиксирана дължина
fixed length control field 220302b bul|||||r ||||||| ||bul||
040 ## - Източник на каталожния запис
Идентификатор на билиотеката - собственик на записа BLK
041 ## - Код за език
Код за езика на текст/звукозапис или на отделно заглавие Български
Код за езика КДБФ Български
080 ## - УДК
Текстов определител УДК Народни песни - исторически, хороводни, обичайни
УДК код - определител по УДК 784.4
УДК определител (497.215)(062)
УДК - код + определител 784.4(497.215)(062)
139 ## - Редно поле
Авторски знак Фол - Ф 69
245 10 - Сведения за заглавието
Заглавие Фолклорен фестивал "От Дунав до Балкана" град Борово
Физически носител (вид на носителя) [Малотир. изд.]
260 ## - Област на издателските данни
Място на издаване, разпространение и проч. Русе
Име на издателя, разпространителя и проч. б. и.
Година на издаване 2011
9 (RLIN) 441842
300 ## - Физическа характеристика
Страници 1 л.
Илюстрации и др. с ил.
Размери/Мащаб 22х32 см , сгънат до 11х22 см
380 ## - Жанр
Жанр Изкуство
500 ## - Общи забележки
Забележка Организатори : Община Борово; Народно читалище "Искра" гр. Борово, област Русе
653 #7 - Ключова дума – ненормативна
9 (RLIN) 199443
Ключова дума фолклорни ансамбли
653 #7 - Ключова дума – ненормативна
9 (RLIN) 199262
Ключова дума фестивали
852 ## - Местоположение
Фондова буква Краезнание
Систематично-азбучна сигнатура К 78/Ф 69
999 ## - СИСТЕМНИ КОНТРОЛНИ НОМЕРА
Koha biblionumber 447658
Koha biblioitemnumber 447658
942 ## - АРТИКУЛИ
Вид на библиотечния материал Книги
Скрит в OPAC Не
Периодичен библиозапис Да
Koha issues (borrowed), all copies 1
944 ## - СЪЗДАВАНЕ И РЕДАКЦИЯ на ЗАПИСА
Създаване/Редакция Създаване
Дата на регистрацията/редакция 2022-03-08
Служител, извършил регистрацията/редакцията Христина Везирева
999 ## - СИСТЕМНИ КОНТРОЛНИ НОМЕРА
Koha biblioitemnumber 447658
Наличности
Код за отписване Код за изгубен артикул Източник на класификационната схема Код за повреда Коз за рестрикции Код за отдаване Артикулен № Име на библиотеката - собственик Име на библиотеката, в която се намира в момента Статус (Текущо местоположение) Дата на вписване в системата Местоположение - отдел Цена в лева Систематично азбучна сигнатура Баркод Цена в евро Служебен тип на артикула
  Не е изгубен Universal Decimal Classification Не е повреден само за читалня ползва се в читалня 875665 Регионална библиотека "Любен Каравелов" Русе Регионална библиотека "Любен Каравелов" Русе Краезнание 2022-03-15 Краезнание 1.00 К 78/Ф 69 120000868317 0.51 Книги
Vip Innovations Ltd, Rousse, Bulgaria 2025